Paul Simon - There Goes Rhymin' Simon (Tracks) - Statistics

General Stats
  • This quiz has been taken 12 times
  • The average score is 3 of 10
Answer Stats
Track Number Track Name % Correct
1 Kodachrome
67%
6 American Tune
50%
9 St. Judy's Comet
50%
3 Take Me to the Mardi Gras
50%
10 Loves Me Like a Rock
33%
5 One Man's Ceiling Is Another Man's Floor
33%
8 Learn How to Fall
0%
4 Something So Right
0%
2 Tenderness
0%
7 Was a Sunny Day
0%
No matching quizzes found
Score Distribution
Percent of People with Each Score
Percentile by Number Answered
Your Score History
You have not taken this quiz